Statistics for Croatian Presidents

Click here to take the quiz!

General Stats

  • This quiz has been taken 98 times
  • The average score is 5 of 7

Answer Stats

HintAnswer% Correct
2015.-2020.Kolinda Grabar-Kitarović
98%
1992.-1999.Franjo Tuđman
92%
2020.-presentZoran Milanović
92%
2000.-2010.Stjepan Mesić
86%
2010.-2015.Ivo Josipović
81%
1999.-2000. (acting)Vlatko Pavletić
17%
2000.(acting)Zlatko Tomčić
14%

Score Distribution

Percentile by Number Answered

Percent of People with Each Score

Your Score History

You have not taken this quiz